| 000 | 00398pab a2200157 454500 | ||
|---|---|---|---|
| 008 | 180718b1996 xxu||||| |||| 00| 0 eng d | ||
| 100 | _aJoffe, Helene | ||
| 245 | _aSelf-proclaiamed ignorance about public affairs | ||
| 260 | _c1996 | ||
| 300 | _ap.69-92 | ||
| 362 | _aMar | ||
| 650 | _aPublic administration | ||
| 700 | _aFarr, Robert | ||
| 773 | _aSocial Science Information | ||
| 909 | _a34465 | ||
| 999 |
_c34465 _d34465 |
||